ARRUPE JESUIT UNIVERSITY

CORONAVIRUS -STOP THE SPREAD - CLEAN,DISINFECT,COVER

An armchair retreat / (Record no. 118208)

MARC details
000 -LEADER
fixed length control field 00771cam a2200241 a 4500
001 - CONTROL NUMBER
control field 3369995
003 - CONTROL NUMBER IDENTIFIER
control field ARRUPE
005 - DATE AND TIME OF LATEST TRANSACTION
control field 20131001165424.0
008 - FIXED-LENGTH DATA ELEMENTS--GENERAL INFORMATION
fixed length control field 881013s1987 inu 000 0 eng
010 ## - LIBRARY OF CONGRESS CONTROL NUMBER
LC control number 87061186
020 ## - INTERNATIONAL STANDARD BOOK NUMBER
International Standard Book Number 0879734876 (pbk.) :
Terms of availability $5.95
040 ## - CATALOGING SOURCE
Original cataloging agency DLC
Transcribing agency DLC
Modifying agency DLC
-- WaU
050 00 - LIBRARY OF CONGRESS CALL NUMBER
Classification number BX2179
Item number .L9.K89
300 ## - PHYSICAL DESCRIPTION
Dimensions 21 cm.
100 1# - MAIN ENTRY--PERSONAL NAME
Personal name Knight, David M.,
Dates associated with a name 1931-
9 (RLIN) 1949
245 13 - TITLE STATEMENT
Title An armchair retreat /
Statement of responsibility, etc David M. Knight.
260 ## - PUBLICATION, DISTRIBUTION, ETC. (IMPRINT)
Place of publication, distribution, etc Huntington, Ind. :
Name of publisher, distributor, etc Our Sunday Visitor Pub. Division,
Date of publication, distribution, etc c1987.
300 ## - PHYSICAL DESCRIPTION
Extent 180 p. ;
650 #0 - SUBJECT ADDED ENTRY--TOPICAL TERM
Topical term or geographic name as entry element Spiritual retreats.
9 (RLIN) 1950
650 #0 - SUBJECT ADDED ENTRY--TOPICAL TERM
Topical term or geographic name as entry element Spiritual Exercises
General subdivision commentary
9 (RLIN) 1951
650 #0 - SUBJECT ADDED ENTRY--TOPICAL TERM
Topical term or geographic name as entry element Spiritual life
General subdivision Catholic Church.
9 (RLIN) 1952
906 ## - LOCAL DATA ELEMENT F, LDF (RLIN)
a 7
b cbc
c orignew
d 3
e opcn
f 19
g y-gencatlg
942 ## - ADDED ENTRY ELEMENTS (KOHA)
Source of classification or shelving scheme Library of Congress Classification
Koha item type Monograph ( Printed materials)
Holdings
Withdrawn status Lost status Source of classification or shelving scheme Damaged status Not for loan Home library Current library Shelving location Date acquired Total Checkouts Full call number Barcode Date last seen Price effective from Koha item type
    Library of Congress Classification     ARRUPE LIBRARY ARRUPE LIBRARY Main Collection 01/10/2013   BX2179 .L9.K89 46409992 22/11/2017 01/10/2013 Monograph ( Printed materials)

 

Arrupe Library. PO Box MP320 Mt Pleasant, Harare, Zimbabwe
263 242 745411|librarian@aju.ac.zw